| 000 | 00535nam a2200169 i 4500 | ||
|---|---|---|---|
| 001 | 130880 | ||
| 003 | ES-MaACL | ||
| 007 | t| | ||
| 008 | 070810s1928 pn ||||1| spa d | ||
| 100 | 1 |
_aZeuner, Frederick E. _9118211 |
|
| 245 | 1 | 0 |
_aDating the past an introduction to geochronology / _cby Frederick E. Zeuner. |
| 250 | _a[1st. ed.]. | ||
| 260 |
_aLondon : _bMethuen et Co., _c[1946] ( _fButter et Tanner) |
||
| 300 |
_aXVIII, 444 p. : _bil. ; _c22 cm. |
||
| 650 | 1 | 4 |
_aGeocronologĂa. _913067 |
| 852 |
_aES-MaACL _jE-1906 _bR.22737 |
||
| 999 |
_c130880 _d130880 |
||